000 00434nam a2200181Ia 4500
001 10311
005 20260306161823.0
008 260306t2013||||xx |||||||||||||| ||spa||
041 _aESP
082 _a918.541
_bQ35
100 _aQuesada Larrea, Fortunato
_eAUT
245 0 _aHomenaje a Arequipa y al Cuzco
260 _c2013
300 _a54 páginas :
_c24 cm.
650 _aGEN
654 _aCHU
942 _cLIB
_dJUS
_fJUS
_2ddc
_n
999 _c10311
_d10311